000 00522nam a2200169 i 4500
001 189366
003 ES-MaACL
005 20230906223446.0
008 190527s2018 ec |||| | spa d
020 _a978-9942-30-912-9
100 1 _aPesántez, Ximena.
_9167124
245 1 0 _aDesde el balcón de las palabras /
_cXimena Pesántez.
250 _a1ª ed.
260 _a[Ecuador :
_bXimena Pesántez],
_c2018.
300 _a118 p. ;
_c18 x 11 cm.
852 _aES-MaACL
_jL-32364
_z. - Dedicatoria autógrafa de la autora
999 _c189366
_d189366